000 00773nam a22001577a 4500
008 150813b xxu||||| |||| 00| 0 eng d
050 _aHC241.2.S92
100 _aSwan, Dennis.
245 _aThe economics of the common market. /
_cDennis Swann
250 _a3rd
260 _aBritain.
_bC.Nicholls and co.ltd.
_c1975.
300 _a267p.:
_bincludes diagrams
_c19cm.
500 _aIncludes index.
505 _aContents: The Evolution of the European economic community -- The Decision-Making institutions -- Tariff barriers and the customs union -- Non-tariff barriers -- Factor movements -- Common policies -- Regional and social policy -- Macro-economic.medium-term and industrial policy -- The Renegotiation issue -- References -- Further reading.
942 _2lcc
_cBK
999 _c5701
_d13201